Score 0/21 Timer 03:00
1 Play Today
Answer % Correct
play
90.1%
bray
89.3%
stay
89%
tray
88.9%
gray
88.7%
pray
88.4%
clay
87.6%
fray
85.7%
cray
85.4%
slay
84%
dray
77.8%
Answer % Correct
flay
73%
spay
72.4%
sway
62.9%
shay
61%
away
58.5%
quay
51.2%
chay
50.1%
aday
36.5%
x-ray
24.3%
okay
19.1%

You're not logged in!

Compare scores with friends on all Sporcle quizzes.
OR
Log In

Sporcle TV

Today on Sporcle TV


Watch our educational content, quiz creation guides, and fun videos on Sporcle TV.

Show Comments

Extras

Top Quizzes Today


Score Distribution

Paid Content

Your Account Isn't Verified!

In order to create a playlist on Sporcle, you need to verify the email address you used during registration. Go to your Sporcle Settings to finish the process.

Report this User

Report this user for behavior that violates our Community Guidelines.

Details: